Central Library OPAC University of Rajshahi

The fundamental ideas of Christianity / (Record no. 31238)

MARC details
000 -LEADER
fixed length control field 00717nam a22002413 4500
001 - CONTROL NUMBER
control field 31238
003 - CONTROL NUMBER IDENTIFIER
rucl marc code BD-RjUL
005 - DATE AND TIME OF LATEST TRANSACTION
control field 20211209051657.0
008 - FIXED-LENGTH DATA ELEMENTS--GENERAL INFORMATION
fixed length control field 140413t1899 stk 000 0 d
035 ## - SYSTEM CONTROL NUMBER
System control number (BD-RjUL)31325
040 ## - CATALOGING SOURCE
Original cataloging agency DLC
Language of cataloging eng
Transcribing agency DLC
Modifying agency BD-RjUL
041 ## - LANGUAGE CODE
Language code of text/sound track or separate title eng
082 04 - DEWEY DECIMAL CLASSIFICATION NUMBER
Classification number 230
Author mark and year CAF 1899
100 1# - MAIN ENTRY--PERSONAL NAME
Personal name Caird, John
Dates associated with a name 1820-1898.
9 (RLIN) 95051
245 14 - TITLE STATEMENT
Title The fundamental ideas of Christianity /
Statement of responsibility, etc. by john Caird,
Number of part/section of a work Volume-II
260 ## - PUBLICATION, DISTRIBUTION, ETC. (IMPRINT)
Place of publication, distribution, etc. Glasgow :
Name of publisher, distributor, etc. James maclehose and sons,
Date of publication, distribution, etc. 1899
300 ## - PHYSICAL DESCRIPTION
Pagination V-2 (vii, 297 p.). ;
Size 23 cm.
490 1# - SERIES STATEMENT
Series statement Gifford lects.
690 00 - LOCAL SUBJECT ADDED ENTRY--TOPICAL TERM (OCLC, RLIN)
Topical term or geographic name as entry element Theology
752 ## - ADDED ENTRY--HIERARCHICAL PLACE NAME
Country or larger entity Scotland
City Glasgow
830 #0 - SERIES ADDED ENTRY--UNIFORM TITLE
Uniform title Gifford lects.
942 ## - ADDED ENTRY ELEMENTS (KOHA)
Source of classification or shelving scheme Dewey Decimal Classification
Koha item type Books
Holdings
Lost status Source of classification or shelving scheme Damaged status Not for loan Collection code Permanent Location Current Location Shelving location Date acquired Source of acquisition Cost, normal purchase price Total Checkouts Full call number Date last seen Copy number Koha item type
  Dewey Decimal Classification   Not For Loan Non-fiction Central Library, University of Rajshahi Central Library, University of Rajshahi Reading Room 10/11/1956 B.H.Blackkwell 0.10   230 CAF V-2 1899 13/04/2014 C-1 Books